Das Publikum Politischer Theorie Im 14. Jahrhundert.

Bibliographic Details
Main Author: Miethke, Jürgen.
Other Authors: Bühler, Arnold.
Format: eBook
Language:German
Published: Berlin/München/Boston : Walter de Gruyter GmbH, 1992.
Edition:1st ed.
Series:Schriften des Historischen Kollegs Series
Subjects:
Online Access:Click to View
LEADER 01627nam a22003853i 4500
001 EBC7015191
003 MiAaPQ
005 20240729202203.0
006 m o d |
007 cr cnu||||||||
008 240729s1992 xx o ||||0 ger d
020 |a 9783486594201  |q (electronic bk.) 
020 |z 9783486558982 
035 |a (MiAaPQ)EBC7015191 
035 |a (Au-PeEL)EBL7015191 
035 |a (OCoLC)1126187616 
040 |a MiAaPQ  |b eng  |e rda  |e pn  |c MiAaPQ  |d MiAaPQ 
100 1 |a Miethke, Jürgen. 
245 1 4 |a Das Publikum Politischer Theorie Im 14. Jahrhundert. 
250 |a 1st ed. 
264 1 |a Berlin/München/Boston :  |b Walter de Gruyter GmbH,  |c 1992. 
264 4 |c {copy}1992. 
300 |a 1 online resource (320 pages) 
336 |a text  |b txt  |2 rdacontent 
337 |a computer  |b c  |2 rdamedia 
338 |a online resource  |b cr  |2 rdacarrier 
490 1 |a Schriften des Historischen Kollegs Series ;  |v v.21 
588 |a Description based on publisher supplied metadata and other sources. 
590 |a Electronic reproduction. Ann Arbor, Michigan : ProQuest Ebook Central, 2024. Available via World Wide Web. Access may be limited to ProQuest Ebook Central affiliated libraries.  
655 4 |a Electronic books. 
700 1 |a Bühler, Arnold. 
776 0 8 |i Print version:  |a Miethke, Jürgen  |t Das Publikum Politischer Theorie Im 14. Jahrhundert  |d Berlin/München/Boston : Walter de Gruyter GmbH,c1992  |z 9783486558982 
797 2 |a ProQuest (Firm) 
830 0 |a Schriften des Historischen Kollegs Series 
856 4 0 |u https://ebookcentral.proquest.com/lib/matrademy/detail.action?docID=7015191  |z Click to View